| 000 | 00508nam a2200181Ia 4500 | ||
|---|---|---|---|
| 008 | 090123s9999 xx 000 0 und d | ||
| 082 |
_b36896 _a891.463/बोकील |
||
| 100 | _aबोकिल मिलिंद | ||
| 245 | _aशाळा | ||
| 250 | _a1 | ||
| 260 |
_bमौज प्रकाशन _c2004 |
||
| 300 | _a303 | ||
| 600 | _aबोकिल मिलिंद | ||
| 630 | _aशाळा | ||
| 700 | _aबोकिल मिलिंद | ||
| 730 | _aशाळा | ||
| 942 | _cBOOK | ||
| 999 |
_c74964 _d74964 |
||